000 04516namaa22004211i 4500
003 OSt
005 20260418144632.0
008 250827s2025 ua a|||frm||| 000 0 eng d
040 _aEG-GICUC
_bara
_cEG-GICUC
_dEG-GICUC
_erda
041 0 _aara
_bara
_beng
049 _aإيداع
082 0 4 _a170
092 _a170
_221
097 _aمــــاجستير
099 _aCai01.02.05.M.A.2025.نو.م
100 0 _a،نوران خالد عبد المنعم محمد
_eإعداد.
245 1 0 _aمن الأخلاق الصورية إلي الأخلاق الإجتماعية :
_bدراسة في مبادئ فلسفة الحق عند هيجل /
_cإعداد نوران خالد عبد المنعم محمد؛ إشراف أ.د. أحمد عبد الحليم عطية.
246 1 5 _aFrom formal ethics to social ethics :
_bA study in the principles of hegel’s philosophy of right /
264 0 _c2025.
300 _a188 صفحة :
_bإيضاحيات ؛
_c25 سم. +
_eCD.
336 _atext
_2rda content
337 _aUnmediated
_2rdamedia
338 _avolume
_2rdacarrier
502 _aأطروحة (ماجستير)-جامعة القاهرة، 2025.
504 _aببليوجرافيا: صفحات 177-183.
520 _aتسعى هذه الرسالة إلى دراسة تطور النظرية الأخلاقية عند هيجل، من الأخلاق الصورية التي تتمثل في التصورات الفردية المجردة، إلى الأخلاق الاجتماعية التي تتجلى في المؤسسات القانونية والسياسية والاجتماعية. تنطلق الدراسة من تتبع تأثر هيجل بالفكر الأخلاقي اليوناني، خاصة في مأساة أنتيجون، وتنتقل إلى تحليله ونقده للأخلاق الكانطية التي يراها شكلية ومنفصلة عن الواقع الملموس. كما تبحث الرسالة في التحولات التي طرأت على تصور هيجل للأخلاق في كتاباته اللاهوتية المبكرة وفي فينومينولوجيا الروح، حيث تُفهم الأخلاق كعملية جدلية لنمو الوعي الذاتي نحو الحرية. وتتوّج الدراسة في كتاب مبادئ فلسفة الحق الذي يعرض فيه هيجل رؤيته للأخلاق باعتبارها جزءًا من البنية الكلية للحق، حيث تتحقق الحرية ضمن مؤسسات الأسرة، والمجتمع المدني، والدولة. وتهدف الرسالة إلى إظهار كيف تجاوز هيجل الطابع الفردي والذاتي للأخلاق نحو تأسيسها على العقلانية والواقع الاجتماعي والسياسي
520 _a This thesis explores the development of Hegel’s ethical theory, tracing the transition from formal, abstract morality to socially embodied ethics within legal, political, and institutional frameworks. The study begins by examining Hegel’s engagement with Greek ethical thought, particularly the tragedy of Antigone, and moves to his critical analysis of Kantian morality, which he regards as overly formal and detached from concrete reality. It then investigates the evolution of Hegel’s ethical thinking in his early theological writings and in the Phenomenology of Spirit, where ethics is viewed as a dialectical process of self-consciousness unfolding toward freedom. The study culminates in an analysis of The Philosophy of Right, where Hegel articulates ethics as a component of the rational structure of right, achieved through the institutions of family, civil society, and the state. The thesis demonstrates how Hegel overcomes the limitations of subjective morality by grounding ethics in rational, social, and political reality
530 _aصدر أيضًا كقرص مدمج.
546 _aالنص بالعربية والملخص باللغة الإنجليزية والعربية.
650 7 _aعلم الاخلاق
_2qrmak
650 7 _aالفلسفة الغربية
653 0 _aالأخلاق الصورية
_aالأخلاق الاجتماعية
_aالحق المجرد
700 0 _aأحمد عبد الحليم عطية
_eمشرف أطروحة.
900 _b20-04-2025
_cأحمد عبد الحليم عطية
_Uجامعة القاهرة
_Fكلية الآداب
_Dقسم الفلسفة
905 _aSara
_eAfaf
942 _2ddc
_cTH
_e21
_n0
999 _c179471